Loading...
| Science - Physics | 0 | 3 | 0 | 1 | 30 | 71 | 94.67 | 0 | 3 | 0.00 | 0.00 |
| Science - Other | 0 | 3 | 0 | 1 | 30 | 75 | 96.33 | 1 | 2 | 0.00 | 0.00 |
| History - World | 0 | 3 | 2 | 0 | 20 | 71 | 92.00 | 0 | 2 | 0.00 | 0.00 |
| Literature - American | 0 | 2 | 0 | 1 | 20 | 128 | 132.50 | 0 | 2 | 0.00 | 0.00 |
| Religion | 1 | 0 | 0 | 0 | 15 | 57 | 57.00 | 0 | 1 | 0.00 | 0.00 |
| History - Other | 0 | 2 | 1 | 2 | 15 | 132 | 133.00 | 0 | 0 | 0.00 | 0.00 |
| Fine Arts - Visual | 0 | 1 | 0 | 0 | 10 | 118 | 118.00 | 0 | 0 | 0.00 | 0.00 |
| Other Academic | 0 | 1 | 0 | 1 | 10 | 132 | 132.00 | 0 | 0 | 0.00 | 0.00 |
| Literature - World | 0 | 0 | 0 | 0 | 0 | 0.00 | 0 | 0 | 0.00 | 0.00 | |
| Geography | 0 | 0 | 1 | 0 | -5 | 0.00 | 0 | 0 | 0.00 | 0.00 | |
| Philosophy | 0 | 0 | 2 | 0 | -10 | 0.00 | 0 | 0 | 0.00 | 0.00 |